000 00602nam a2200241Ia 4500
003 OSt
005 20220918185444.0
006 a|||||r|||| 00| 0
007 ta
008 220917b |||||||| |||| 00| 0 eng d
024 _a51,073
037 _cTextual
040 _aARTS
_cARTS
_beng
041 _2eng
_aeng
082 _aP111,J9, J6
100 _aBurton S H
_959416
245 0 _aExercises in criticism
260 _aLondon
_bLongmans
_c1956
300 _a103p.
_ccm.
650 _aLINGUISTICS
942 _hP111,J9, J6
_cTEXL
_2CC
999 _c180668
_d180668